=LDR 00000nam 2200000 4500 =001 INLIS000000000009496 =005 20130612101303 =008 ***********************************Ind** =035 ##$$0010-061300000009496 =041 ##$$a Ind =082 ##$$a 371. 27 =090 ##$$a 371. 27, Sla. p =100 ##$$a Slameto =245 ##$$a Evaluasi Pendidikan, Slameto =260 ##$$a 2001 $b Jakarta =300 ##$$a xi, 242 hlm, ilus, 21 cm =650 ##$$a Pendidikan - Teknik Evaluasi =850 ##$$a NBPNMAT